000 00291nmm a2200097Ia 4500
008 220120s9999||||xx |||||||||||||||||und||
020 _a81-7656-351-X
100 _aPCQ March 2010
245 0 _a6 open source tools for linux, open file, visual cube
260 _aCyber tach publication
_bNew delhi
999 _c139470
_d139470